Score 0/14 Timer 04:00
0 Plays Today
Letter before 'Y' Country % Correct
Starts with YYemen
96.4%
AMalaysia, Norway, Paraguay, Uruguay
83.9%
NGermany, Kenya
67.6%
ESeychelles, Turkey
67.2%
GEgypt, Kyrgyzstan
61.4%
MMyanmar
60.5%
KKyrgyzstan
60.3%
Letter before 'Y' Country % Correct
CCyprus
57.1%
LItaly
56.1%
SSyria
55%
UGuyana
52.7%
BLibya
52.6%
RHungary
45.8%
TVatican City
26.2%
Remove Ads.
Support Sporcle.
Get the best of Sporcle when you Go Orange. This ad-free experience offers more features, more stats, and more fun while also helping to support Sporcle. Thank you for becoming a member.

You're not logged in!

Compare scores with friends on all Sporcle quizzes.
OR
Log In

Show Comments

Extras

Top Quizzes Today


Score Distribution

Your Account Isn't Verified!

In order to create a playlist on Sporcle, you need to verify the email address you used during registration. Go to your Sporcle Settings to finish the process.

Report this User

Report this user for behavior that violates our Community Guidelines.

Details: